| 000 | 00563nam a22002177a 4500 | ||
|---|---|---|---|
| 005 | 20191119112224.0 | ||
| 008 | 191119b xxu||||| |||| 00| 0 eng d | ||
| 020 |
_a9781472905307 _cRs 499 |
||
| 040 | _beng | ||
| 041 | _aEnglish | ||
| 082 |
_a371.1 _bMAC |
||
| 100 | _aMcGill, Ross Morrison | ||
| 245 |
_aOutstanding lessons _cRoss Morrison McGill |
||
| 260 |
_aLondon _bBloomsbury _c2013 |
||
| 300 |
_axii,131p _b19 cm |
||
| 440 | _a100 ideas for secondary teachers | ||
| 650 | _aLesson planning | ||
| 650 | _aTeaching | ||
| 850 | _aLCBED | ||
| 942 | _cBK | ||
| 999 |
_c42452 _d92931 |
||